000 01124cam a2200349 a 4500
001 14664795
003 OSt
005 20140310182746.0
008 061211m20052006ph b f001 0 eng
010 _a 2006343577
020 _a9789715424608 (v. 1)
020 _a9789715424615 (v. 2)
040 _aDLC
_cDLC
_dDLC
042 _alcode
043 _aa-ph---
050 0 0 _aDS668
_b.C58 2005
082 _aF959.902
_b.C787 2005
100 1 _aCorpuz, Onofre D.
245 1 4 _aThe roots of the Filipino nation /
_cCorpuz, O.D.
260 _aDiliman, Quezon City :
_bUniversity of the Philippines Press,
_cc2005-c2006.
300 _avii , 825 p. :
_c24 cm.
500 _aFirst published: Quezon City, Philippines : Aklahi Foundation, 1989.
504 _aIncludes bibliographical references (v. 2, p. [761]-787) and index.
521 _aCollege Student
526 _c1210L to 1700L
541 _i1
541 _i2
651 0 _aPhilippines
_xHistory.
906 _a7
_bcbc
_corigode
_d3
_encip
_f20
_gy-gencatlg
942 _2lcc
_cBK
_kM
999 _c15668
_d15668